La celebración eucarística, centro de la vida cristiana

Saved in:
Bibliografiske detaljer
Hovedforfatter: López Martín, Julián (autor)
Format: Bog
Sprog:spansk
Udgivet: Barcelona Centre de Pastoral Litúrgica 2005
Udgivelse:1a. ed
Serier:Biblioteca Litúrgica, 25
Fag:
Tags: Tilføj Tag
Ingen Tags, Vær først til at tagge denne postø!

MARC

LEADER 00000cam a2200000 a 4500
001 UCI2176
003 CL-VaPUC
008 070810e20050000SP |||||||||||||||||spa|d
020 |a 8498050448 
082 0 4 |a 264.36  |b LOP  |2 21 
100 |a López Martín, Julián  |e autor  |9 561308 
245 1 3 |a La celebración eucarística, centro de la vida cristiana 
250 |a 1a. ed 
300 |a 432 p 
942 |c BK 
945 |d 20070810 00:00:00  |a rbrito 
260 |a Barcelona  |b Centre de Pastoral Litúrgica  |c 2005 
650 0 |a Eucaristía  |9 257336 
650 0 |a Escatología  |9 314395 
650 0 |a Sacramentos   |9 257270 
650 0 |a Misa  |9 329325 
650 7 |a LITURGIA  |2 CL-VaPUC  |9 523093 
650 0 |a Sagrada Comunión   |9 397959 
583 |a last modification  |c 20150828 11:01:49  |k Rodrigo Vera 
490 0 |a Biblioteca Litúrgica, 25 
999 |c 326818  |d 326816 
952 |0 0  |1 0  |4 0  |6 264_360000000000000_LOP_2005  |7 0  |8 A  |9 408962  |a BIBTEO  |b BIBTEO  |d 2019-11-22  |i 436192K  |o 264.36 LOP 2005  |p 436192K  |r 2025-01-17  |w 2019-11-22  |y BK  |k ICR 
952 |0 0  |1 0  |3 erb  |4 0  |6 264_360000000000000_LOP_2005  |7 0  |8 A  |9 408963  |a BIBTEO  |b BIBTEO  |i 5196264  |o 264.36 LOP 2005  |p 5196264  |r 2025-01-17  |w 2019-11-22  |y BK  |z Catalogado en:20150904  |k ICR